| 000 | 00437nam a22001697a 4500 | ||
|---|---|---|---|
| 003 | OSt | ||
| 005 | 20220104151920.0 | ||
| 008 | 211223b |||||||| |||| 00| 0 eng d | ||
| 020 | _a13587052729 | ||
| 040 | _cHU | ||
| 082 |
_22ed _a004.6 |
||
| 100 |
_aTeare Diane _924490 |
||
| 245 | _aAuthorized Self -Study Guide Designing for Cisco Internetwork Solutions [DESGN] | ||
| 260 |
_aUSA _bUSA |
||
| 300 | _f928 | ||
| 942 |
_2ddc _cBOOKS _n0 |
||
| 999 |
_c23609 _d23609 |
||